00350cam a22001097a 4500008004000000082002200040100002500062245004800087260005800135300001100193440003600204180718b1967 xxu||||| |||| 00| 0 eng d aA81x5434 In2/61/2 aCensus of India 1961 aRajasthan district census handbook, Bikaner aJaipurbThe Director of Printing and Stationeryc1967 a234+p. aCensus of India 1961. Rajasthan